000 00595nam a2200205Ia 4500
008 240729s9999 xx 000 0 und d
022 _a1938-2022
245 0 _aIslets
260 _aUnited Kingdom
260 _bTaylor & Francis Group
650 _a Biology (General)
650 _a Cytology
650 _a Diseases of the endocrine glands. Clinical endocrinology | Science
650 _a Internal medicine
650 _a Specialties of internal medicine
650 _aMedicine
856 _uhttps://doaj.org/toc/a135b011059b402b85895a408ac255c2
942 _2ddc
942 _cDOAJEJ
999 _c73179
_d73179
945 _a1
_bMadushi Gamage
_c1
_dMadushi Gamage